Normal view MARC view
  • Industry

Entry Topical Term

Number of records used in: 2

001 - CONTROL NUMBER

  • control field: 109822

003 - CONTROL NUMBER IDENTIFIER

  • control field: NUST

005 - DATE AND TIME OF LATEST TRANSACTION

  • control field: 20230306112954.0

008 - FIXED-LENGTH DATA ELEMENTS

  • fixed length control field: 230306|| aca||aabn | a|a d

040 ## - CATALOGING SOURCE

  • Original cataloging agency: NUST
  • Transcribing agency: NUST

150 ## - HEADING--TOPICAL TERM

  • Topical term or geographic name entry element: Industry

670 ## - SOURCE DATA FOUND

  • Source citation: Work cat.: (NUST)184553: Robinson, E.A.G. 109821, The structure of competitive industry, 1945
© 2023 Central Library, National University of Sciences and Technology. All Rights Reserved.